U.S. International Trade Commission documents and publications

Detalles Bibliográficos
Formato: Electrónico Periódico
Lenguaje:inglés
Publicado: Greenbelt, Maryland : Federal Information & News Dispatch
Materias:
Acceso en línea:Full text available from Research Library: 06/10/2010 to present

MARC

LEADER 00000nas a2200000 i 4500
001 ssj0001078611
003 WaSeSS
005 20200512172242.0
006 m d
007 cr n
008 140109c20uu9999mdud| n|s|||||| |0eng d
035 |a (WaSeSS)ssj0001078611 
040 |a WaSeSS  |b eng  |c WaSeSS  |d WaSeSS 
043 |a n-us--- 
050 1 4 |a HF1455 
245 0 0 |a U.S. International Trade Commission documents and publications  |h [electronic resource]. 
246 1 |a United States International Trade Commission documents and publications 
260 |a Greenbelt, Maryland :  |b Federal Information & News Dispatch 
310 |a Daily 
506 |a License restrictions may limit access. 
588 |a Description based on: June 10, 2010; title from title screen (ProQuest, viewed Jan. 9, 2014). 
588 |a Latest issue consulted: January 8, 2014 (viewed Jan. 9, 2014). 
610 2 0 |a United States International Trade Commission  |v Newspapers. 
651 0 |a United States  |x Commerce  |v Newspapers. 
655 0 |a Electronic journals. 
856 4 0 |z Full text available from Research Library: 06/10/2010 to present  |u https://search.proquest.com/publication/237706